| 000 | 01660cad a2200313 4500 | ||
|---|---|---|---|
| 001 | L158899 | ||
| 008 | 100215n2013 000 0 eng u | ||
| 020 | _a9781783210305 | ||
| 035 | _a(Sirsi) u158899 | ||
| 041 | _aeng | ||
| 100 | 1 |
_aScholten, N. P. M. _cDr |
|
| 111 | 2 |
_aConstruction and Building Research Conference _cIIT Delhi, New Delhi _d10-12 September 2013 |
|
| 245 | 0 | 0 |
_aEnvironmental performance regulations in the Netherlands _h[electronic resource] |
| 260 |
_aLondon _bRICS _c2013 |
||
| 490 | 0 |
_aCOBRA _v2013 |
|
| 520 | _aA paper presented at the COBRA Conference in New Delhi on 10-12 September 2013. Focuses on the 2012 Building Decree which stipulated that by January 2013 a calculation of material environmental performance for a dwelling or office building should be delivered at submission of the environmental (building) permit. The aim of this requirement is to encourage more conscientious decisions by a regulated uniform determination method. Environmental and life cycle properties of materials chosen and design variants should so be enabled to be subject of consciousness. Furthermore the development of sustainable initiatives and innovation should be stimulated. | ||
| 650 | 2 | 4 | _aCONSTRUCTION AND BUILDING RESEARCH CONFERENCE (COBRA) |
| 650 | 2 | 4 | _a2012 Dutch Building Decree |
| 650 | 2 | 4 | _aENVIRONMENTAL PERFORMANCE |
| 650 | 2 | 4 | _aENVIRONMENTAL PERFORMANCE MEASUREMENT |
| 650 | 2 | 4 | _aENVIRONMENTALLY-FRIENDLY MATERIALS |
| 650 | 2 | 4 | _aLIFE CYCLE ANALYSIS |
| 651 | 4 | _aNetherlands | |
| 690 |
_aSustainability _96271 |
||
| 700 | 1 | _aEwijk, Harry van | |
| 700 | 1 | _aWildt, de R | |
| 700 | 1 | _aHuppes, Gjalt | |
| 942 | _n0 | ||
| 999 |
_c115577 _d115577 |
||